Koncepcia lesníckej politiky SR do roku 2005

Bibliographic Details
Corporate Author: Slovensko. Ministerstvo pôdohospodárstva (Author)
Format: Book
Language:Slovak
PhysicalDescription:64 strán fotografie, grafy, tabuľky 21 cm
Published: Nové Zámky Crocus 2000
ISBN:8088992206
Edition:1. vyd.
Subjects:

MARC

LEADER 00000cam a2200000 a 4500
001 vtls001437505
003 SK-MaSNL
005 20260425224317.0
008 240226s2000 xo do grf o000 0 slo
015 |a SNBA2002/11-03578 
020 |a 8088992206 
035 |a SNK000392626 
035 |a urn:nbn:sk:snk-am3ils9 
035 |a 5A5B1710-7E80-4BBA-9027-177DDE5D9D03 
035 |a urn:nbn:sk:snk-am00eom4 
040 |a SNK  |b slo  |c SNK  |e AACR2 
041 0 |a slo 
043 |a e-xo--- 
044 |a xo  |c SK 
072 7 |a 630  |x Lesníctvo  |2 konspekt 
080 |a 630 9(437.6)  |2 1981 
080 |a 630*90  |2 2011 
080 |a (437.6)  |2 2011 
080 |a (035)  |2 2011 
080 |a 630  |2 2011 
110 1 |a Slovensko.  |b Ministerstvo pôdohospodárstva  |4 aut  |9 115174 
245 1 0 |a Koncepcia lesníckej politiky SR do roku 2005  |c Ministerstvo pôdohospodárstva Slovenskej republiky 
250 |a 1. vyd. 
260 |a Nové Zámky  |b Crocus  |c 2000 
300 |a 64 strán  |b fotografie, grafy, tabuľky  |c 21 cm 
366 |e 500 kusov 
500 |a Vydalo Ministerstvo pôdohospodárstva Slovenskej republiky 
648 7 |a do roku 2005  |2 SNKPH  |9 365551 
650 0 7 |a lesníctvo  |2 SNKPH  |9 1255 
650 0 7 |a lesnícka politika  |2 SNKPH  |9 1698 
650 0 7 |a lesné hospodárstvo  |2 SNKPH  |9 1256 
651 7 |a Slovensko  |2 SNKPHgeo  |9 14231 
655 7 |a príručky  |2 SNKPH  |9 74364 
919 |a 80-88992-20-6 
958 |a TL 
958 |a OND 
999 |c 610013  |d 611943 
952 |t P60, <04>, [BOOK], {604}  |a SNK  |b SNK  |y VYP  |7 0  |p 17A0352114  |o snkSC 108712 D1  |i snkKSP 8786/2002  |0 0  |1 0  |4 0  |d 2002-07-24  |l 0  |r 2005-01-02 00:00:00  |w 2026-02-23 
952 |t P60, <03>, [BOOK], {603}  |a SNK  |b SNK  |y PREZ  |7 0  |p 17A0352113  |o snkSC 108712  |i snkKSP 8785/2002  |0 0  |1 0  |4 0  |d 2002-07-24  |f 1  |l 0  |r 2025-09-29 00:00:00  |w 2026-02-23